| 000 | 01141nam a2200289 a 4500 | ||
|---|---|---|---|
| 001 | 000044557 | ||
| 003 | DO-SdBNP | ||
| 005 | 20250307123728.0 | ||
| 008 | 140716s1995 enkab 000 0 spa d | ||
| 020 | _a2865375714 | ||
| 040 |
_aDO-SdBNP _bspa _cBNPHU |
||
| 082 |
_a972.94 _bL147r |
||
| 100 | 1 |
_aLacroix, Pamphile de _cvicomte de, _d1774-1842 _972569 |
|
| 240 | 1 | 0 | _aMémoires pour servir à l'histoire de la Révolution de Saint-Domingue |
| 245 | 1 | 3 |
_aLa révolution de Haiti / _cPamphile de Lacroix ; edition présentée et annotée par Pierre Pluchon. |
| 260 |
_aParis : _bKarthala, _c1995. |
||
| 300 |
_a525 p. : _bil., mapas ; _c24 cm. |
||
| 490 | 1 | _aRelire | |
| 500 | _aPublicado originalmente : Mémoires pour servir à l'histoire de la Révolution de Saint-Domingue. Paris :Pamphile de Lacroix, 1819. | ||
| 600 | 1 | 4 |
_aLACROIX, PAMPHILE, _cVICOMTE DE, _d1774-1842 _972570 |
| 650 | 4 |
_aGenerales _zFrancia _xBiografías _972572 |
|
| 651 | 4 |
_aHaití _xHistoria _yREVOLUCIÓN, 1791-1804 _99645 |
|
| 700 | 1 | 2 |
_aPluchon, Pierre, _eed. _98648 |
| 830 | 0 |
_aRelire _972573 |
|
| 910 | _aValidado. Control de calidad MFF | ||
| 942 |
_2ddc _cLBS1 |
||
| 999 |
_c44046 _d44046 |
||